|
|
|
|
| LEADER |
01034nam a22002537a 4500 |
| 001 |
41333 |
| 003 |
BD-DhAAL |
| 008 |
230716t2020 bg ||||| |||| 00| 0 ben d |
| 020 |
|
|
|a 9789845100762
|
| 040 |
|
|
|a BD-DhAAL
|c BD-DhAAL
|
| 041 |
|
|
|a ben
|
| 082 |
|
|
|a 891.44172
|2 23
|
| 100 |
|
|
|a পাল, বিধান চন্দ্র
|9 55080
|
| 245 |
|
|
|a নক্ষত্রের বেহালায় /
|c বিধান চন্দ্র পাল.
|
| 246 |
|
|
|a Nokkhotrer bahalay
|
| 260 |
|
|
|a ঢাকা :
|b কথাপ্রকাশ,
|c ২০২০.
|
| 300 |
|
|
|a ১৪৯ পৃষ্ঠা ;
|c ২২ সে.মি.
|
| 541 |
|
|
|a Donated By Akbar Ali Khan
|e 41333
|
| 650 |
|
|
|a Bengali poetry.
|
| 650 |
|
|
|a Bengali lterature.
|9 55081
|
| 852 |
|
|
|a Ayesha Abed Library
|c Akbar Ali Khan Collection
|
| 942 |
|
|
|2 ddc
|c BK
|
| 999 |
|
|
|c 45975
|d 45975
|
| 952 |
|
|
|0 0
|1 0
|2 ddc
|4 0
|6 891_441720000000000_PAL
|7 1
|9 73958
|a BRACUL
|b BRACUL
|c AAKC
|d 2023-07-16
|e Donated By Akbar Ali Khan
|g 250.00
|l 0
|o 891.44172 PAL
|p 3010041333
|r 2023-07-16
|t 1
|w 2023-07-16
|y BK
|